000 00881nam a2200241 4500
001 sa 68018968
003 DLC
005 20260227112716.0
008 710726s1968 ii ab s 00000 eng
010 _asa 68018968
025 _aPL480:I-E-11135
043 _aa-ii---
050 0 _aHB3640.K3
_bS35
100 1 0 _aSaikia, Padma Dhar.
245 1 0 _aChanges in Mikir society;
_ba report on socio-economic resurvey of Kanther Terang Village in the United Mikir and North Cachar Hills District, Assam.
250 _a[1st ed.]
260 0 _aAssam,
_bAgro-Economic Research Centre for North East India; distributors: Firma K. L. Mukhopadhyaya,
_c1968.
300 _axiv, 82 p.
_billus., map.
_c25 cm.
350 _aRs8.00
440 0 _a[Studies in rural change: Assam series]
651 0 _aKanther Terang, India
_xPopulation.
651 0 _aKanther Terang, India
_xRural conditions.
999 _c88748
_d88748